| 000 | 00980cam a2200313 a 4500 | ||
|---|---|---|---|
| 001 | 4516203 | ||
| 003 | ARRUPE | ||
| 005 | 20141003132509.0 | ||
| 008 | 970317s1997 nyua b 000 0 eng | ||
| 010 | _a96026922 | ||
| 020 | _a157075103X (alk. paper) | ||
| 035 | _a(OCoLC)34996129 | ||
| 035 | _a(OCoLC)ocm34996129 | ||
| 035 | _a(NNC)4516203 | ||
| 040 |
_aDLC _cDLC _dDLC |
||
| 090 |
_aBX2170.L4 _bM37 1997 |
||
| 100 | 1 |
_aMcKenna, Megan. _911889 |
|
| 245 | 1 | 0 |
_aLent : _bthe daily readings : reflections and stories / _cMegan McKenna |
| 250 | _a[Rev. ed.] | ||
| 260 |
_aMaryknoll, N.Y. : _bOrbis Books, _cc1997 |
||
| 300 |
_aix, 182 p. : _bill. ; _c21 cm |
||
| 504 | _aIncludes bibliographical references (p. 181-182) | ||
| 610 | 2 | 0 |
_aCatholic Church _vPrayers and devotions. _912046 |
| 650 | 0 |
_aLent _vPrayers and devotions. _911227 |
|
| 650 | 0 |
_aChurch year meditations. _97430 |
|
| 650 | 0 |
_aDevotional calendars. _912047 |
|
| 942 |
_2lcc _cMONOGRAPH |
||
| 999 |
_c121076 _d121076 |
||